| 000 | 00442nam a2200145 a 4500 | ||
|---|---|---|---|
| 001 | 000028976 | ||
| 005 | 20200930055243.0 | ||
| 008 | 110413s1997 dr 000 0 spa d | ||
| 040 |
_aDO-SdBNP _bspa _cBNPHU |
||
| 082 |
_axxxx _bB582u |
||
| 245 | 0 | 3 |
_aLa biblioteca UASD que es? : _bdirección de los servicios bibliográficos. |
| 260 |
_aSanto Domingo : _bEditora Universitaria de la UASD, _c1997. |
||
| 300 |
_a16 p. ; _c21 cm. |
||
| 049 | _aBNPD | ||
| 999 |
_c28468 _d28468 |
||